Governing by dept
Guardado en:
| Autor principal: | |
|---|---|
| Formato: | Libro |
| Lenguaje: | inglés |
| Publicado: |
Pasadena
Semiotext(e)
2015
|
| Colección: | intervention series
17 |
| Materias: | |
| Etiquetas: |
Sin Etiquetas, Sea el primero en etiquetar este registro!
|
MARC
| LEADER | 00000nam a2200000 4500 | ||
|---|---|---|---|
| 001 | 0215189 | ||
| 005 | 20240306140308.8 | ||
| 020 | |a 978-1-58435-163-4 | ||
| 041 | 0 | |a eng | |
| 044 | |a US | ||
| 245 | 1 | 0 | |a Governing by dept |c Maurizio Lazzarato ; translated by Joshua David Jordan |
| 264 | 1 | |a Pasadena |b Semiotext(e) |c 2015 | |
| 300 | |a 278 s. | ||
| 490 | 1 | |a intervention series |v 17 | |
| 830 | 0 | |a intervention series |v 17 | |
| 610 | 2 | 0 | |a politika finančná |
| 610 | 2 | 0 | |a triedy spoločenské |
| 610 | 2 | 0 | |a problémy spoločenské |
| 610 | 2 | 0 | |a veritelia |
| 610 | 2 | 0 | |a dlžníci |
| 610 | 2 | 0 | |a bohatí |
| 610 | 2 | 0 | |a chudobní |
| 610 | 2 | 0 | |a dane |
| 610 | 2 | 0 | |a zadlženosť |
| 610 | 2 | 0 | |a nerovnosť sociálna |
| 610 | 2 | 0 | |a oligarchia finančná |
| 610 | 2 | 0 | |a kapitál |
| 610 | 2 | 0 | |a kapitalizmus |
| 610 | 2 | 0 | |a liberalizmus |
| 610 | 2 | 0 | |a kríza |
| 610 | 2 | 0 | |a riadenie finančné |
| 610 | 2 | 0 | |a USA |
| 100 | 1 | |a Lazzarato, Maurizio | |